European Geography Test - Multilingual #1 - Statistics

General Stats
  • This quiz has been taken 642 times
    470 since last reset
  • The average score is 10 of 15
Answer Stats
Question Answer % Correct
Which river flows through London? Thames
99%
Qual è la capitale dei Paesi Bassi? Amsterdam
92%
Welches Meer liegt zwischen Italien und Kroatien? Adriatisches Meer
91%
Hvilket land har grense til både Sverige og Russland? Finland
91%
Qual é o país europeu mais pequeno? Vaticano
91%
Które miasto jest stolicą Hiszpanii? Madryt
78%
Zein da Frantziaren hiriburua? Paris
74%
Quel pays entièrement située en Europe possède la plus grande superficie? Ukraine
67%
Welk land ligt ten zuiden van België? Frankrijk
62%
Vilket land gränsar mot Norge i öster? Sverige
61%
Milline jõgi on Euroopa kõige pikem? Volga jõgi
61%
Quin país és conegut com "la terra dels mil llacs"? Finlàndia
54%
Яка гора є найвищою в Європі? Ельбрус
42%
Které moře omývá pobřeží Bulharska? Černé moře
42%
Kura ir lielākā sala Vidusjūrā? Sicīlija
42%
No matching quizzes found
Score Distribution
Percent of People with Each Score
Percentile by Number Answered
Your Score History
You have not taken this quiz since the last reset